Statistics for Top 10 most used currencies in the world

Click here to take the quiz!

General Stats

  • This quiz has been taken 91 times
  • The average score is 5 of 10

Answer Stats

Most usedCurrency% Correct
2Euro
98%
3Japanese Yen
86%
1US Dollar
80%
4Pound Sterling
68%
5Australian Dollar
45%
7Canadian Dollar
40%
6Swiss Franc
27%
10Swedish Krona
14%
8Hong Kong Dollar
8%
9Malaysian Ringgit
4%

Score Distribution

Percentile by Number Answered

Percent of People with Each Score

Your Score History

You have not taken this quiz